|
|
|
|
| LEADER |
02787nam a2200541 i 4500 |
| 001 |
mzk03001264019 |
| 003 |
CZ BrMZK |
| 005 |
20190925143804.0 |
| 007 |
ta |
| 008 |
190822q1759 xr fr|||||00| ||latod |
| 040 |
|
|
|a BOA001
|b cze
|e rda
|
| 072 |
|
7 |
|a 51
|x Matematika
|2 Konspekt
|9 13
|
| 072 |
|
7 |
|a 094
|x Staré tisky
|2 Konspekt
|9 12
|
| 080 |
|
|
|a 51
|2 MRF
|
| 080 |
|
|
|a 025.171
|2 MRF
|
| 080 |
|
|
|a (0.068)094
|2 MRF
|
| 100 |
1 |
|
|a Schmidt, Stefan,
|d 1720-1783
|7 mzk2004244546
|4 aut
|
| 245 |
1 |
0 |
|a Positiones Mathematicae /
|c Quas praeside reverendo, ac doctissimo patre P. Stephano Schmidt,e Societate Jesu, philosophiae doctore, mathematum professore, et examinatore regio publico, ac ordinario in antiquissimae, et celeberrimae caesareo regiae Universitatis Pragensis Magna Aula Carolina publice resolvendas, ac demonstrandas suscepit Cajetanus Weyvoda de Strohmberg, patritius pragensis mathematum, et philosophiae Annum I. auditor Anno MDCCLIX Mense Die Horis meridiem consuetis
|
| 264 |
|
1 |
|a [Pragae] :
|b [typ. Academicis],
|c [1759]
|
| 300 |
|
|
|a 14 nečíslované strany ;
|c 8°
|
| 336 |
|
|
|a text
|b txt
|2 rdacontent
|
| 337 |
|
|
|a bez média
|b n
|2 rdamedia
|
| 338 |
|
|
|a svazek
|b nc
|2 rdacarrier
|
| 500 |
|
|
|a Výzdoba: Vlys, viněty, klišé
|
| 500 |
|
|
|a Rozsah: [14] s.
|
| 500 |
|
|
|a Titulní list tištěn majuskulou
|
| 501 |
|
|
|a Obsahuje: Přívazek Cosmotheoros, sive de terris caelestibus, earumque ornatu, conjecturae ad Constantium Hugenium, fratrem: Gulielmo III. magnae britanniae regi a secretis / Christiaan Huygens
|
| 561 |
|
|
|a Provenience: [m.p.] Monasterii Braunensis O.S.B.
|
| 561 |
|
|
|a Provenience: [razítko] S.A.B. BRAUNAU
|
| 561 |
|
|
|a Provenience: [razítko] Státní vědecká knihovna Hradec králové 15. 514
|
| 563 |
|
|
|a Papírová vazba, lepenkové desky polepené tištěným papírem s květinovým dekorem, ořízka stříkaná červenou barvou
|
| 650 |
|
7 |
|a matematika
|7 ph117231
|2 czenas
|
| 650 |
|
7 |
|a historické knihovní fondy
|7 ph172933
|2 czenas
|
| 655 |
|
7 |
|a staré tisky
|7 fd422076
|2 czenas
|
| 700 |
1 |
|
|a Weyvoda de Strohmberg, Cajetanus
|4 oth
|
| 700 |
1 |
|
|a Dvořák z Boru, Jan Nepomuk Václav,
|d činný 18. století
|7 xx0112832
|4 oth
|
| 856 |
4 |
2 |
|u http://books.google.cz/books?vid=NKP:1002303002&printsec=frontcover
|y Digitalizovaný dokument
|z Exemplář z Národní knihovny ČR
|
| 903 |
|
|
|a RP
|
| 910 |
|
|
|a NAG950
|b B - XVIII. D. bb. 39,1
|
| 978 |
|
|
|b Tiskárna jezuitská
|a Praha
|c 1759
|
| 982 |
0 |
|
|a Broumov - benediktinský klášter
|
| 982 |
0 |
|
|a Hradec Králové - SVK
|
| 984 |
|
|
|a Praha
|b Česko
|
| 985 |
|
|
|a 1751-1800
|
| 990 |
|
|
|a BK
|
| 991 |
|
|
|k broumov
|
| 980 |
|
|
|c 004325
|g B - XVIII. D. bb. 39,1
|1 458950004325
|
| 994 |
|
|
|a DN
|l MZK03
|b 001264021
|m záznam 1. díla (pro objednání pokračujte kliknutím)
|n přívazek
|